Все мультфильмы студии Pixar - Statistics

General Stats
  • This quiz has been taken 569 times
    46 since last reset
  • The average score is 13 of 31
Answer Stats
Год Фильм % Correct
2010 История игрушек: Большой побег
83%
1995 История игрушек
83%
1999 История игрушек 2
83%
2019 История игрушек 4
83%
2026 История игрушек 5
83%
2008 ВАЛЛ-И
66%
2015 Головоломка
56%
2024 Головоломка 2
56%
2009 Вверх
51%
2006 Тачки
49%
2003 В поисках Немо
49%
2011 Тачки 2
49%
2017 Тачки 3
49%
2001 Корпорация монстров
44%
2017 Тайна Коко
41%
2007 Рататуй
41%
2020 Душа
39%
2016 В поисках Дори
34%
2004 Суперсемейка
34%
2018 Суперсемейка 2
34%
2023 Элементарно
32%
2022 Я краснею
29%
2013 Университет монстров
29%
2021 Лука
24%
2012 Храбрая сердцем
17%
2026 Прыгуны
15%
2015 Хороший динозавр
12%
2022 Базз Лайтер
10%
1998 Приключения Флика
10%
2025 Элио
7%
2020 Вперёд
2%
No matching quizzes found
Score Distribution
Percent of People with Each Score
Percentile by Number Answered
Your Score History
You have not taken this quiz since the last reset